000
00236nam a2200097Ia 4500
008
220204s9999 xx 000 0 und d
082
_a
912(084.3)(6)
_b
JOH
100
_a
John Bartholomew
245
0
_a
World travel map: Africa
942
_c
BK
999
_c
37679
_d
37679